<?xml version="1.0" encoding="UTF-8"?>
<record
    xmlns:xsi="http://www.w3.org/2001/XMLSchema-instance"
    xsi:schemaLocation="http://www.loc.gov/MARC21/slim http://www.loc.gov/standards/marcxml/schema/MARC21slim.xsd"
    xmlns="http://www.loc.gov/MARC21/slim">

  <leader>04333njm a2200601Ia 4500</leader>
  <controlfield tag="001">A3473</controlfield>
  <controlfield tag="003">IT-RoPAU</controlfield>
  <controlfield tag="005">20220918181154.0</controlfield>
  <controlfield tag="008">131025s9999    xx            000 0 und d</controlfield>
  <datafield tag="040" ind1=" " ind2=" ">
    <subfield code="a">IT-RoPAU</subfield>
  </datafield>
  <datafield tag="040" ind1=" " ind2=" ">
    <subfield code="c">IT-RoPAU</subfield>
  </datafield>
  <datafield tag="041" ind1=" " ind2=" ">
    <subfield code="a">ITALIANO</subfield>
  </datafield>
  <datafield tag="999" ind1=" " ind2=" ">
    <subfield code="c">102428</subfield>
    <subfield code="d">102428</subfield>
  </datafield>
  <datafield tag="999" ind1=" " ind2=" ">
    <subfield code="b">n.d.</subfield>
  </datafield>
  <datafield tag="100" ind1=" " ind2=" ">
    <subfield code="a">AA.VV.</subfield>
    <subfield code="9">794</subfield>
  </datafield>
  <datafield tag="100" ind1=" " ind2=" ">
    <subfield code="e">Autore musica</subfield>
    <subfield code="9">28007</subfield>
  </datafield>
  <datafield tag="100" ind1=" " ind2=" ">
    <subfield code="g">Codice autore musica SPICS: 12000</subfield>
    <subfield code="9">796</subfield>
  </datafield>
  <datafield tag="245" ind1=" " ind2=" ">
    <subfield code="a">34&#xB0; Zecchino d'oro</subfield>
  </datafield>
  <datafield tag="250" ind1=" " ind2=" ">
    <subfield code="a">1a ed.</subfield>
  </datafield>
  <datafield tag="260" ind1=" " ind2=" ">
    <subfield code="a">TORINO</subfield>
  </datafield>
  <datafield tag="260" ind1=" " ind2=" ">
    <subfield code="b">FONIT CETRA</subfield>
    <subfield code="c">1991 [1a Ed.:1991 - Ed. Lingua Orig.: 1991]</subfield>
  </datafield>
  <datafield tag="300" ind1=" " ind2=" ">
    <subfield code="a">DISCO</subfield>
  </datafield>
  <datafield tag="300" ind1=" " ind2=" ">
    <subfield code="c">45 minuti (Testo: 0 pag.)</subfield>
  </datafield>
  <datafield tag="500" ind1=" " ind2=" ">
    <subfield code="a">Canzoni per bambini. Canzoni presentate al trentaquattresimo Zecchino d'Oro</subfield>
  </datafield>
  <datafield tag="505" ind1=" " ind2=" ">
    <subfield code="a">Il mio dentino dondola [(Barbera Diana) (4:00)] - Bambinissimi pap&#xE0; [(Scintu Carlotta) (4:00)] - Il pi&#xF9; grande motore [(Natale Claudia) (4:00)] - Bolle di sapone [(Maresca F.) (4:00)] - Monta in mountain bike [(Gasparre Filippo) (4:00)] - Il Corsaro Nero &#xE8; andato in pensione [(Cannito Francesco Icaro) (4:00)] - Al luna park [(Tivolissa - Finlandia) (Lantto Katariina) (4:00)] - Sette matitine [(A minha cainxinha de lapis de cor-Portogallo) (Martins V.) (4:00)] - Pesci, bimbi e draghi [(The Flying Fish-Giappone) (Soga Mimako) (4:00)] - Padre celeste [(Pere celeste - Zaire) (Lungwa Cedric) (4:00)] - Frund, amico, ami [(Svizzera) (Debrit Desiree) (4:00)] - Rosella [(Rosella Parrot - Australia) (La Manna Rebecca Maria) (4:00)]</subfield>
  </datafield>
  <datafield tag="511" ind1=" " ind2=" ">
    <subfield code="a">Coro dell'Antoniano di Bologna</subfield>
  </datafield>
  <datafield tag="650" ind1=" " ind2=" ">
    <subfield code="a">CANTI BAMBINI [DISCHI]</subfield>
    <subfield code="e">Codice MATERIA SPICS: 9950</subfield>
    <subfield code="9">2086</subfield>
  </datafield>
  <datafield tag="700" ind1=" " ind2=" ">
    <subfield code="a">Sessa Vitali Vittorio</subfield>
    <subfield code="d">Codice autore musica SPICS: 26086</subfield>
    <subfield code="e">Autore musica</subfield>
    <subfield code="p">Il mio dentino dondola - Monta in mountain bike</subfield>
    <subfield code="9">28008</subfield>
  </datafield>
  <datafield tag="700" ind1=" " ind2=" ">
    <subfield code="a">Della Giustina A.</subfield>
    <subfield code="d">Codice autore testo/musica SPICS: 28358</subfield>
    <subfield code="e">Autore testo/musica</subfield>
    <subfield code="p">Il mio dentino dondola</subfield>
    <subfield code="9">28009</subfield>
  </datafield>
  <datafield tag="700" ind1=" " ind2=" ">
    <subfield code="a">Banfi Luigi</subfield>
    <subfield code="d">Codice autore musica SPICS: 20388</subfield>
    <subfield code="e">Autore musica</subfield>
    <subfield code="p">Bambinissimi pap&#xE0;</subfield>
    <subfield code="9">28010</subfield>
  </datafield>
  <datafield tag="700" ind1=" " ind2=" ">
    <subfield code="a">Martelli Augusto</subfield>
    <subfield code="d">Codice autore testo/musica SPICS: 11006</subfield>
    <subfield code="e">Autore testo/musica</subfield>
    <subfield code="p">Bambinissimi pap&#xE0;</subfield>
    <subfield code="9">28011</subfield>
  </datafield>
  <datafield tag="700" ind1=" " ind2=" ">
    <subfield code="a">Cheope</subfield>
    <subfield code="d">Codice autore musica SPICS: 18823</subfield>
    <subfield code="e">Autore musica</subfield>
    <subfield code="p">Il pi&#xF9; grande motore</subfield>
    <subfield code="9">28012</subfield>
  </datafield>
  <datafield tag="700" ind1=" " ind2=" ">
    <subfield code="a">Malgoni G.</subfield>
    <subfield code="d">Codice autore testo/musica SPICS: 35091</subfield>
    <subfield code="e">Autore testo/musica</subfield>
    <subfield code="p">Il pi&#xF9; grande motore</subfield>
    <subfield code="9">28013</subfield>
  </datafield>
  <datafield tag="700" ind1=" " ind2=" ">
    <subfield code="a">Maretti Soldi M.</subfield>
    <subfield code="d">Codice autore musica SPICS: 35093</subfield>
    <subfield code="e">Autore musica</subfield>
    <subfield code="p">Bolle di sapone</subfield>
    <subfield code="9">28014</subfield>
  </datafield>
  <datafield tag="700" ind1=" " ind2=" ">
    <subfield code="a">Aprile Nicola</subfield>
    <subfield code="d">Codice autore testo/musica SPICS: 29498</subfield>
    <subfield code="e">Autore testo/musica</subfield>
    <subfield code="p">Bolle di sapone</subfield>
    <subfield code="9">28015</subfield>
  </datafield>
  <datafield tag="700" ind1=" " ind2=" ">
    <subfield code="a">Pareti R.</subfield>
    <subfield code="d">Codice autore testo/musica SPICS: 14344</subfield>
    <subfield code="e">Autore testo/musica</subfield>
    <subfield code="p">Monta in mountain bike</subfield>
    <subfield code="9">28016</subfield>
  </datafield>
  <datafield tag="700" ind1=" " ind2=" ">
    <subfield code="a">Bertocchi Andrea</subfield>
    <subfield code="d">Codice autore testo/musica SPICS: 15987</subfield>
    <subfield code="e">Autore testo/musica</subfield>
    <subfield code="p">Il Corsaro Nero &#xE8; andato in pensione</subfield>
    <subfield code="9">28017</subfield>
  </datafield>
  <datafield tag="700" ind1=" " ind2=" ">
    <subfield code="a">Laitinen K.</subfield>
    <subfield code="d">Codice autore testo/musica SPICS: 35096</subfield>
    <subfield code="e">Autore testo/musica</subfield>
    <subfield code="p">Al luna park</subfield>
    <subfield code="9">28018</subfield>
  </datafield>
  <datafield tag="700" ind1=" " ind2=" ">
    <subfield code="a">Marchisio V.</subfield>
    <subfield code="d">Codice autore SPICS: 35097</subfield>
    <subfield code="e">Autore</subfield>
    <subfield code="p">Al luna park</subfield>
    <subfield code="9">28019</subfield>
  </datafield>
  <datafield tag="700" ind1=" " ind2=" ">
    <subfield code="a">Tuminelli Sandro</subfield>
    <subfield code="d">Codice autore SPICS: 25258</subfield>
    <subfield code="e">Autore </subfield>
    <subfield code="p">Al luna park</subfield>
    <subfield code="q">Sette matitine</subfield>
    <subfield code="9">28020</subfield>
  </datafield>
  <datafield tag="700" ind1=" " ind2=" ">
    <subfield code="a">Dos Santos Marques De Mendonca M.A.</subfield>
    <subfield code="d">Codice autore testo/musica SPICS: 35099</subfield>
    <subfield code="e">Autore testo/musica</subfield>
    <subfield code="p">Sette matitine</subfield>
    <subfield code="9">28021</subfield>
  </datafield>
  <datafield tag="700" ind1=" " ind2=" ">
    <subfield code="a">Nakamura C.</subfield>
    <subfield code="d">Codice autore musica SPICS: 35100</subfield>
    <subfield code="e">Autore musica</subfield>
    <subfield code="p">Pesci, bimbi e draghi</subfield>
    <subfield code="9">28022</subfield>
  </datafield>
  <datafield tag="700" ind1=" " ind2=" ">
    <subfield code="a">Rossi F.</subfield>
    <subfield code="d">Codice autore SPICS: 35101</subfield>
    <subfield code="e">Autore</subfield>
    <subfield code="p">Pesci, bimbi e draghi</subfield>
    <subfield code="9">28023</subfield>
  </datafield>
  <datafield tag="700" ind1=" " ind2=" ">
    <subfield code="a">Sakurai J.</subfield>
    <subfield code="d">Codice autore testo/musica SPICS: 35102</subfield>
    <subfield code="e">Autore testo/musica</subfield>
    <subfield code="p">Pesci, bimbi e draghi</subfield>
    <subfield code="9">28024</subfield>
  </datafield>
  <datafield tag="700" ind1=" " ind2=" ">
    <subfield code="a">Beretta Luciano</subfield>
    <subfield code="d">Codice autore musica SPICS: 13864</subfield>
    <subfield code="e">Autore musica</subfield>
    <subfield code="p">Padre celeste</subfield>
    <subfield code="9">28025</subfield>
  </datafield>
  <datafield tag="700" ind1=" " ind2=" ">
    <subfield code="a">Anonimo</subfield>
    <subfield code="d">Codice autore SPICS: 2620</subfield>
    <subfield code="e">Autore</subfield>
    <subfield code="p">Padre celeste</subfield>
    <subfield code="9">28026</subfield>
  </datafield>
  <datafield tag="700" ind1=" " ind2=" ">
    <subfield code="a">Martelli Augusto</subfield>
    <subfield code="d">Codice autore testo/musica SPICS: 11006</subfield>
    <subfield code="e">Autore testo/musica</subfield>
    <subfield code="p">Padre celeste</subfield>
    <subfield code="9">28027</subfield>
  </datafield>
  <datafield tag="700" ind1=" " ind2=" ">
    <subfield code="a">Depsa</subfield>
    <subfield code="d">Codice autore SPICS: 26119</subfield>
    <subfield code="e">Autore</subfield>
    <subfield code="p">Frund, amico, ami</subfield>
    <subfield code="9">28028</subfield>
  </datafield>
  <datafield tag="700" ind1=" " ind2=" ">
    <subfield code="a">Rufolo R.</subfield>
    <subfield code="d">Codice autore testo/musica SPICS: 35105</subfield>
    <subfield code="e">Autore testo/musica</subfield>
    <subfield code="p">Frund, amico, ami</subfield>
    <subfield code="9">28029</subfield>
  </datafield>
  <datafield tag="700" ind1=" " ind2=" ">
    <subfield code="a">Fin A.</subfield>
    <subfield code="d">Codice autore musica SPICS: 35107</subfield>
    <subfield code="e">Autore musica</subfield>
    <subfield code="p">Rosella</subfield>
    <subfield code="9">28030</subfield>
  </datafield>
  <datafield tag="700" ind1=" " ind2=" ">
    <subfield code="a">Testa Arturo</subfield>
    <subfield code="d">Codice autore SPICS: 13685</subfield>
    <subfield code="e">Autore</subfield>
    <subfield code="p">Rosella</subfield>
    <subfield code="9">28031</subfield>
  </datafield>
  <datafield tag="700" ind1=" " ind2=" ">
    <subfield code="a">Macmer</subfield>
    <subfield code="d">Codice autore testo/musica SPICS: 35108</subfield>
    <subfield code="e">Autore testo/musica</subfield>
    <subfield code="p">Rosella</subfield>
    <subfield code="9">28032</subfield>
  </datafield>
  <datafield tag="942" ind1=" " ind2=" ">
    <subfield code="c">MD</subfield>
    <subfield code="2">ddc</subfield>
  </datafield>
  <datafield tag="952" ind1=" " ind2=" ">
    <subfield code="0">0</subfield>
    <subfield code="1">0</subfield>
    <subfield code="4">0</subfield>
    <subfield code="6">A_3473_000000000000000</subfield>
    <subfield code="7">1</subfield>
    <subfield code="a">SPICS</subfield>
    <subfield code="b">SPICS</subfield>
    <subfield code="d">2013-10-25</subfield>
    <subfield code="l">0</subfield>
    <subfield code="o">A3473</subfield>
    <subfield code="r">2013-10-25 00:00:00</subfield>
    <subfield code="w">2013-10-25</subfield>
    <subfield code="y">MD</subfield>
    <subfield code="z">Progr. Ins.: 150 / N.Vol.: 1 / Copie: 1 - Copia rara: n.d. / date import: 01.01.2014 - By Epidotti, Trombetti, Vaglietti</subfield>
  </datafield>
</record>
